000
003110000a22001450004500
003
MACL
040
_a
MACL
090
_c
6556
_d
6555
100
_a
Swami Lokeswarananda
245
_a
The Religions of the World
260
_b
Swami Lokeswarananda
_c
1987
350
_a
50
650
_a
Religion
942
_c
BOOK
_k
294
999
_c
6508
_d
6508